Responses for show #4719 - Thursday, February 24, 2005

2005 Ultimate Tournament of Champions Round 1, game 12.

Contestants

[<< previous game]

Carolyn Cracraft, a grad student at the University of California-Berkeley from Berkeley, California

Tom Nosek, an aerospace engineer from Torrance, California

John Beck, a creative director from Torrance, California

[next game >>]

Jeopardy! Round responses

SPINGARN MEDAL WINNERS
WOODY ALLEN'S MANHATTAN
ISLAND HOPPING
THE GREAT EXHIBITION OF 1851
DRINKS
SAME FIRST & LAST LETTER
    $200 22
Oprah Winfrey

John
    $200 24
Annie Hall

John
    $200 4
(John: What is Java?)

Borneo

JohnCarolyn
    $200 30
Prince Albert

Tom
    $200 13
coffee

Tom
    $200 29
chocoholic

John
    $400 21
Jackie Robinson

Tom
    $400 23
Broadway Danny Rose

John
    $400 5
(Carolyn: What is Cuba?)
...
(Alex: Granada, back home.)

Grenada

Carolyn
Triple Stumper
    $400 28
McCormick

John
    $400 14
Jack Daniels

Carolyn
    $400 9
horseradish

John
    $600 20
Colin Powell

John
    $600 10
Hannah and Her Sisters

Triple Stumper
    $600 6
(John: What is Kyoto?)

Honshu

JohnCarolyn
    $1,000 25
(Alex: Yes. Well done. I thought somebody was going to go for the xylophone, but you came up with the correct response.)

zithers

John
    $600 15
tea

Tom
    $600 1
a tablet

John
    $800 19
Jesse Jackson

Triple Stumper
    $800 11
Elaine's

John
    $800 7
Zanzibar

Tom
    $800 26
an elephant

John
    $800 16
a soy latte

Triple Stumper
    $800 2
Flagstaff

Triple Stumper
    $1000 18
Paul Robeson

John
    $1000 12
Radio Days

Carolyn
    $1000 8
Bahrain

Carolyn
    $1000 27
the Crystal Palace

Carolyn
    $1000 17
(Carolyn: What is lassi?)

kefir

Carolyn
Triple Stumper
    $1000 3
a kopek

Tom

Scores at the first commercial break (after clue 12):

John Tom Carolyn
$1,000 $1,800 $2,400

Scores at the end of the Jeopardy! Round:

John Tom Carolyn
$5,800 $3,200 $2,800

Double Jeopardy! Round responses

DESPERATE HOUSEWIVES
WITHOUT A TRACE
CSI
ACCORDING TO JIM
"COLD" CASE
HIT TV
    $400 27
Avon

John
    $400 19
the Bermuda Triangle

Carolyn
    $400 1
fingerprints

Carolyn
    $400 5
(James Fenimore) Cooper

Tom
    $400 11
the Cold War

Carolyn
    $400 25
(John: What is... General Hospital?)

The Young and the Restless

John
Triple Stumper
    $800 28
a microwave

Tom
    $800 21
(Jimmy) Hoffa

Tom
    $800 2
(John: What are... hair?)
...
(Carolyn: I was going to say that; it seemed obvious.)

fibers

John
Triple Stumper
    $800 6
(Carolyn: Who is Brady?)
(Tom: Uh, who is Clinton?)

James Carville

TomCarolyn
Triple Stumper
    $800 12
cold cuts

John
    $800 20
the Super Bowl

Tom
    $1,600 26
Weight Watchers

John
    $1200 22
Glenn Miller

Tom
    $1200 3
Court TV

Carolyn
    $1200 7
James Madison

John
    $1200 13
cold-blooded

Carolyn
    $1200 16
Bill Cosby

Carolyn
    $1600 29
Ladies' Home Journal

John
    $1600 23
Scott

John
    $1600 4
ballistics

Tom
    $1600 8
(James) Watt

Tom
    $1600 14
a cold sore

John
    $1600 17
(Carolyn: What is M*A*S*H?)

Dallas

JohnCarolyn
    $2000 30
Erma Bombeck

Carolyn
    $2000 24
(Madalyn Murray) O'Hair

John
    $2000 10
Luminol

Carolyn
    $2,500 9
(Tom: [Sighs]... James...)
(Alex: Tom?)
(Tom: Don't know.)

James Thurber

Tom
    $2000 15
cold turkey

John
    $2000 18
Roots

Tom

Scores at the end of the Double Jeopardy! Round:

John Tom Carolyn
$19,000 $9,100 $9,200
(lock game)

[wagering suggestions for these scores]

Final Jeopardy! Round responses

THE U.S. CENSUS OF 1790
(Alex: No, it was [*]. Isn't that a marvelous piece of, uh, knowledge, of American history?)
(John: Not really.)
[Laughter]
(Alex: Not really? You're lucky that they're not in a position to challenge you.)
TomWhat is New Hampshire
$9,100
CarolynWhat is Rhode Island?
$9,200
JohnWhat is Rhode Island?
$0
Massachusetts

Final scores:

John Tom Carolyn
$19,000 $0 $0
Winner: $19,000 + an advance to UToC Round 2 3rd place: $5,000 2nd place: $5,000

Game dynamics:

Coryat scores:

John Tom Carolyn
$18,200 $11,600 $9,200
22 R
(including 2 DDs),
4 W
14 R,
2 W
(including 1 DD)
14 R,
4 W

Combined Coryat: $39,000

The J! Archive is created by fans, for fans. The Jeopardy! game show and all elements thereof, including but not limited to copyright and trademark thereto, are the property of Jeopardy Productions, Inc. and are protected under law. This website is not affiliated with, sponsored by, or operated by Jeopardy Productions, Inc. Join the discussion at JBoard.tv.